Statistics for The Halo Game Series

Click here to take the quiz!

General Stats

  • This quiz has been taken 5,549 times
    (865 since last reset)
  • The average score is 8 of 11

Answer Stats

AnswerYear% Correct
Halo 22004
98%
Halo 32007
97%
Halo: Combat Evolved2001
93%
Halo: Reach2010
79%
Halo Wars2009
77%
Halo 3: ODST2009
75%
Halo 42012
72%
Halo 5: Guardians2015
69%
Halo Infinite2021
67%
Halo Wars 22017
57%
Halo: Combat Evolved Anniversary2011
27%

Score Distribution

Percentile by Number Answered

Percent of People with Each Score

Your Score History

You have not taken this quiz since the last reset